Countries of Africa that Start with S - Statistics

General Stats
  • This quiz has been taken 70 times
  • The average score is 7 of 8
Answer Stats
Answer % Correct
South Sudan
98%
Sudan
97%
Senegal
93%
South Africa
92%
Somalia
90%
São Tomé and Principe
85%
Seychelles
83%
Sierra Leone
82%
No matching quizzes found
Score Distribution
Percent of People with Each Score
Percentile by Number Answered
Your Score History
You have not taken this quiz